[Event "Guernsey Open"]
[Site "Grand Havre Bay GBG"]
[Date "2010.10.18"]
[Round "2"]
[White "Fassaert,D"]
[Black "Pickersgill,A"]
[Result "0-1"]
[WhiteElo "1926"]
[BlackElo "2030"]

1.d4 d6 2.e4 Nf6 3.Nc3 c6 4.f4 Qa5 5.Bd3 e5 6.Nf3 Nbd7 7.O-O Be7 8.Kh1 O-O
9.a3 exd4 10.Nxd4 g6 11.b4 Qc7 12.Bb2 a5 13.Qe2 Re8 14.g4 axb4 15.axb4 Rxa1
16.Bxa1 d5 17.e5 Bxb4 18.Qg2 Bxc3 19.Bxc3 Ne4 20.Bxe4 dxe4 21.Nf5 Kf8 22.Nd6 Re7
23.Nxe4 b6 24.Qh3 h5 25.Nd6 Nc5 26.f5 Ba6 27.Re1 Na4 28.Ba1 Qxd6 29.exd6 Rxe1+
30.Kg2 Bf1+ 31.Kf2 Bxh3 32.Kxe1 Bxg4  0-1

[Event "Guernsey Open"]
[Site "Grand Havre Bay GBG"]
[Date "2010.10.18"]
[Round "2"]
[White "Hoare,Amy"]
[Black "Rowe,P"]
[Result "1-0"]
[WhiteElo "1920"]
[BlackElo "2012"]

1.e4 d6 2.d4 Nf6 3.Nc3 Nbd7 4.f4 e5 5.Nf3 exd4 6.Qxd4 Nc5 7.Be3 Qe7 8.e5 Ng4
9.Nd5 Qd7 10.exd6 Ne6 11.Qe4 Qxd6 12.Bd2 c6 13.f5 Qxd5 14.Qxg4 Nc5 15.Nd4 Ne4
16.Bd3 Nf6 17.Qe2+ Kd8 18.Bc3 Bc5 19.Bc4 Qe4 20.O-O-O Kc7 21.Bxf7 Qxe2 22.Nxe2 Be3+
23.Kb1 Bxf5 24.Ng3 Bg4 25.Be5+ Kc8 26.Rd3 Bb6 27.h3 Bd7 28.Rhd1 Rf8 29.Bb3 Nd5
30.Bxg7 Rg8 31.Be5 Rg5 32.Bd6 Bc7 33.Bxc7 Kxc7 34.a3 Rag8 35.Ne4 Rxg2 36.Bxd5 cxd5
37.Nf6 R8g7 38.Nxd5+ Kb8 39.Nf4 Rf2 40.Rxd7 Rxd7 41.Rxd7 Rxf4 42.Rxh7 Rf2
43.h4 a6 44.b3 Ka7 45.Rh6 Re2 46.Kb2 Rf2 47.h5 Rh2 48.Kc3 Rf2 49.Rg6 Rf3+
50.Kd4 Rh3 51.h6 Rh4+ 52.Ke3 Rh3+ 53.Kf4 Rh2 54.Kf5 Rxc2 55.h7 Rh2 56.Rg7 Rf2+
57.Kg6 Rg2+ 58.Kf7  1-0

[Event "USCL"]
[Site "ICC INT"]
[Date "2010.10.18"]
[Round "9"]
[White "Xu,Grant"]
[Black "Balasubramanian,A"]
[Result "1/2-1/2"]
[WhiteElo "2061"]
[BlackElo "1889"]

1.e4 d6 2.d4 Nf6 3.Nc3 Nbd7 4.Nf3 e5 5.Bc4 Be7 6.O-O O-O 7.Re1 c6 8.a4 b6
9.h3 a6 10.Qe2 Bb7 11.Ba2 b5 12.axb5 axb5 13.b4 Nh5 14.dxe5 dxe5 15.Nxe5 Nxe5
16.Qxh5 Nc4 17.Rb1 Na3 18.Bxa3 Rxa3 19.Red1 Qa8 20.Bb3 Bxb4 21.Ne2 g6 22.Qe5 c5
23.Ng3 Bc6 24.Nh5 gxh5 25.Qg5+ Kh8 26.Qf6+ Kg8 27.Qg5+ Kh8 28.Qf6+ Kg8  1/2-1/2

[Event "Guernsey Open"]
[Site "Grand Havre Bay GBG"]
[Date "2010.10.19"]
[Round "3"]
[White "Heppell,I"]
[Black "Pickersgill,A"]
[Result "1-0"]
[WhiteElo "2126"]
[BlackElo "2030"]

1.e4 d6 2.d4 Nf6 3.Nc3 c6 4.f4 Qa5 5.Bd3 e5 6.Nf3 Bg4 7.Be3 Nbd7 8.O-O Be7
9.h3 Bh5 10.Qe1 Bxf3 11.Rxf3 Nh5 12.fxe5 dxe5 13.d5 O-O 14.dxc6 bxc6 15.Kh2 Qc7
16.Bc4 Rab8 17.Qf2 Nb6 18.Bxf7+ Rxf7 19.Rxf7 Nf6 20.Rxe7 Qxe7 21.Bg5 Rf8
22.Qh4 Qb4 23.Bxf6 Rxf6 24.Rd1 Qxb2 25.Rd8+ Kf7 26.Qh5+ Rg6 27.Qxe5 Qxc2
28.Qc7+ Kf6 29.Rf8+ Ke6 30.Re8+ Kf6 31.Qf4+  1-0

[Event "Guernsey Open"]
[Site "Grand Havre Bay GBG"]
[Date "2010.10.19"]
[Round "3"]
[White "Casiot,D"]
[Black "Hickman,J"]
[Result "0-1"]
[WhiteElo "2130"]
[BlackElo "2012"]

1.e4 d6 2.d4 Nf6 3.Nc3 c6 4.Be2 Qc7 5.Nf3 e5 6.O-O Be7 7.h3 O-O 8.Be3 Nbd7
9.Qd2 b6 10.Nh2 Bb7 11.f3 Nh5 12.f4 Nxf4 13.Bxf4 exf4 14.Qxf4 b5 15.Bg4 b4
16.Ne2 c5 17.c3 Nf6 18.d5 Ba6 19.Rf2 Nxg4 20.Nxg4 Bxe2 21.Rxe2 bxc3 22.bxc3 Rab8
23.Rf1 Rb7 24.Ref2 Qd8 25.g3 Qb8 26.Qf5 Rb1 27.e5 Rxf1+ 28.Rxf1 dxe5 29.Nxe5 Bf6
30.Nd7 Qxg3+ 31.Kh1 Re8 32.Nxf6+ gxf6 33.Qg4+ Qxg4 34.hxg4 Re2 35.Kg1 Rd2
36.Rxf6 Rxd5 37.Kf1 Rd2 38.a4 Rc2 39.Ra6 Rxc3 40.Ke2 Ra3 41.Rxa7 c4 42.Kd2 Kg7
43.Ra6 f6 44.Kc2 Kg6 45.Ra5 Rg3 46.Rc5 Rxg4 47.Kc3 h5 48.a5 Rg1 49.Rxc4 Ra1
50.Kb4 Kg5 51.Kb5 h4 52.a6 h3 53.Rc2 f5 54.Kb6 Kg4 55.a7 f4 56.Kb7 Kg3 57.Rc1 Rxa7+
58.Kxa7 h2 59.Kb6 f3 60.Kc5 Kg2 61.Kd4 h1=Q  0-1

[Event "WY Boys-U12"]
[Site "Porto Carras GRE"]
[Date "2010.10.20"]
[Round "1.4"]
[White "Pavcevic,Bruno"]
[Black "Korpa,B"]
[Result "0-1"]
[WhiteElo "1796"]
[BlackElo "2228"]

1.e4 d6 2.d4 Nf6 3.Nc3 e5 4.Nf3 Nbd7 5.Bc4 Be7 6.O-O O-O 7.h3 a6 8.a4 b6
9.Re1 Bb7 10.b3 c6 11.Bb2 b5 12.Bd3 Re8 13.Ne2 Bf8 14.Ng3 g6 15.Qd2 Qc7 16.dxe5 dxe5
17.Ba3 Bxa3 18.Rxa3 Kh8 19.Qh6 Ng8 20.Qe3 h6 21.b4 c5 22.bxc5 b4 23.Raa1 Qxc5
24.a5 Qxe3 25.Rxe3 Ne7 26.Ree1 Rec8 27.Reb1 Nc6 28.Ne1 Rab8 29.Rb2 Nc5 30.f3 Ba8
31.Nf1 Nd4 32.Ne3 Bc6 33.Nc4 Na4 34.Rbb1 f6 35.Nb2 Nc3 36.Rc1 Nde2+ 37.Kf2 Nxc1
38.Rxc1 Bb5 39.Ke3 Bxd3 40.Nexd3 Rb5 41.Ra1 b3 42.cxb3 Rxb3 43.Kd2 Nb5 44.g4 Nd4
45.Rf1 Rc2+ 46.Kd1 Ra3  0-1

[Event "Guernsey Open"]
[Site "Grand Havre Bay GBG"]
[Date "2010.10.21"]
[Round "5"]
[White "Jouault,L"]
[Black "Bakker,Joo"]
[Result "1/2-1/2"]
[WhiteElo "1984"]
[BlackElo "2019"]

1.e4 d6 2.d4 Nf6 3.Nc3 e5 4.dxe5 dxe5 5.Qxd8+ Kxd8 6.Bg5 c6 7.Nf3 Nd7 8.Bc4 Ke8
9.O-O Be7 10.Rad1 h6 11.Bh4 Nh5 12.Ne2 g5 13.Bg3 Nf4 14.h3 Bf6 15.Bxf4 exf4
16.c3 Ke7 17.Ned4 Ne5 18.Nxe5 Bxe5 19.Nf3 Bc7 20.Rfe1  1/2-1/2

[Event "WY Boys-U18"]
[Site "Porto Carras GRE"]
[Date "2010.10.21"]
[Round "2.9"]
[White "Klein,Da"]
[Black "Arribas Lopez,A"]
[Result "1/2-1/2"]
[WhiteElo "2299"]
[BlackElo "2454"]

1.e4 d6 2.d4 Nf6 3.Nc3 e5 4.Nf3 Nbd7 5.g4 Nxg4 6.Rg1 Ngf6 7.Bc4 h6 8.Be3 c6
9.dxe5 dxe5 10.Qd3 b5 11.Bb3 Qa5 12.Bd2 Qc7 13.Be3 Ba6 14.a4 Qa5 15.axb5 Qxa1+
16.Ke2 Bxb5 17.Nxb5 Qa5 18.Nc3 Bc5 19.Rxg7 Bxe3 20.Qc4 Qc5 21.Qxf7+ Kd8 22.fxe3 Qd6
23.Qc4 Re8 24.Qa6 Kc7 25.Qa5+ Kb8 26.Na2 Qc7 27.Qa6 Qb6 28.Qd3 Kc7 29.Nc3 Rad8
30.Na4 Qb4 31.Qa6 Qb5+ 32.Qxb5 cxb5 33.Nc5 Kb6 34.Nd3 Nxe4 35.Rg6+ Kc7 36.Rxh6 Rh8
37.Ra6 Nd6 38.Ndxe5 Nxe5 39.Nxe5 Rxh2+ 40.Kf3 Kb7 41.Rxa7+ Kxa7 42.Nc6+ Kb6
43.Nxd8 Nc4 44.Ne6 Rh3+ 45.Kf2 Nxe3 46.Nf4 Ng4+ 47.Kg2 Rh8 48.Kf3 Ne5+ 49.Ke4 Nc6
50.Ke3 Re8+ 51.Kd2 Rd8+ 52.Nd3 Rh8 53.Bd5 Nd4 54.c4 Rh2+ 55.Kc3 Ne2+ 56.Kb4 Rh4
57.b3 Rh3 58.Nf2 Re3 59.cxb5 Nd4 60.Kc4 Nxb3 61.Ne4 Rh3 62.Be6 Rf3 63.Bd5 Rh3
64.Be6 Na5+ 65.Kd4 Rh7 66.Bd5 Kxb5 67.Nd6+ Kb4 68.Ne4 Rd7 69.Ke5 Rd8 70.Nd6 Rh8
71.Nb7 Rh5+ 72.Kd4 Rh4+ 73.Ke5 Nc4+ 74.Bxc4 Kxc4 75.Nd6+ Kd3 76.Nf5 Re4+
77.Kd5 Re8 78.Nd6 Ra8 79.Nb7 Ke3 80.Nc5 Rd8+ 81.Ke5 Kd2 82.Ne6 Rh8 83.Kd5 Kc3
84.Nf4 Kd2 85.Ne6 Ke3 86.Ke5 Rh5+ 87.Kd6 Rf5 88.Nc5 Kd4 89.Ne6+ Kc4 90.Nc7 Rh5
91.Ne6 Rd5+ 92.Ke7 Ra5 93.Kf6 Kd5 94.Ng5 Ra1 95.Kf5 Rf1+ 96.Kg4 Kd4 97.Nf3+ Ke3
98.Nh4 Ke4 99.Ng2 Rf8 100.Kg3 Rg8+ 101.Kf2 Rg4 102.Ne1 Rf4+ 103.Ke2 Rf7 104.Nc2 Rd7
105.Ne1 Rh7 106.Ng2 Ra7 107.Kf2 Ra3 108.Ne1 Ra2+ 109.Kg3 Kf5 110.Kf3 Ra3+
111.Ke2 Ke4 112.Nc2 Rh3 113.Kd2 Rh2+  1/2-1/2

[Event "Guernsey Open"]
[Site "Grand Havre Bay GBG"]
[Date "2010.10.22"]
[Round "6"]
[White "Taylor,Mark"]
[Black "Hickman,J"]
[Result "1-0"]
[WhiteElo "2128"]
[BlackElo "2012"]

1.d4 d6 2.Nc3 Nf6 3.e4 c6 4.f4 Qa5 5.e5 Ne4 6.Qf3 f5 7.exf6 Nxf6 8.Bd3 Na6
9.a3 Nb4 10.axb4 Qxa1 11.Nge2 g6 12.O-O Bg4 13.Qe3 b5 14.f5 Bxf5 15.Bxf5 gxf5
16.Ng3 O-O-O 17.Nxf5 Rd7 18.Qe6 Kc7 19.d5 Nxd5 20.Nxd5+ cxd5 21.Be3 Qa2 22.Bd4 Bg7
23.Bxg7 Rhd8 24.Nxe7 Kb7 25.Bf6  1-0

[Event "Guernsey Open"]
[Site "Grand Havre Bay GBG"]
[Date "2010.10.22"]
[Round "6"]
[White "Chidi,L"]
[Black "Rowe,P"]
[Result "1/2-1/2"]
[WhiteElo "1801"]
[BlackElo "2012"]

1.e4 d6 2.d4 Nf6 3.Nc3 Nbd7 4.Bc4 e5 5.dxe5 Nxe5 6.Bb3 Be7 7.h3 c6 8.a4 Be6
9.Nf3 Bxb3 10.cxb3 Qc7 11.Be3 O-O 12.O-O b5 13.Nxe5 dxe5 14.axb5 cxb5 15.Nxb5 Qb7
16.Nc3 Rfb8 17.f3 a5 18.Rc1 Qxb3 19.Qxb3 Rxb3 20.Rc2 Rab8 21.Rfc1 h6 22.Nd1 Kh7
23.Rc7 R8b7 24.Rxb7 Rxb7 25.Ra1 Bb4 26.Nf2 Nd7 27.Nd3 f6 28.Kf1 Nb8 29.Ke2 Nc6
30.Rc1 Nd8 31.Rc2  1/2-1/2

[Event "Unive Open"]
[Site "Hoogeveen NED"]
[Date "2010.10.22"]
[Round "1"]
[White "De Jong,M"]
[Black "Stavast,D"]
[Result "1-0"]
[WhiteElo "2397"]
[BlackElo "2048"]

1.e4 d6 2.d4 Nf6 3.Nc3 e5 4.Nf3 Nbd7 5.Bc4 Be7 6.O-O c6 7.a4 h6 8.Be3 Qc7
9.Nh4 exd4 10.Bxd4 Ne5 11.Ba2 g5 12.Nf5 Bxf5 13.exf5 O-O 14.Qd2 Kh7 15.Rae1 Rae8
16.f4 gxf4 17.Rxf4 Nh5 18.f6 Nxf4 19.Qxf4 Bd8 20.Be3 Rh8 21.Qxh6+  1-0

[Event "32nd Open"]
[Site "Arco ITA"]
[Date "2010.10.23"]
[Round "8"]
[White "Valenti,G"]
[Black "Trois,F"]
[Result "1/2-1/2"]
[WhiteElo "2162"]
[BlackElo "2309"]

1.e4 d6 2.d4 Nf6 3.Nc3 e5 4.dxe5 dxe5 5.Qxd8+ Kxd8 6.Nf3 Bd6 7.Bg5 Be6 8.O-O-O Kc8
9.h3 a6 10.Be2 Nbd7 11.Rhe1 Bc5 12.Bh4 h6 13.g4 b5 14.Bf1 Bd6 15.Bg3 Kb7
16.Bg2 Ka7 17.Nd5 Rad8 18.Nh4 Rhe8 19.Nf5 Bxf5 20.exf5 Nxd5 21.Bxd5 Re7 22.f3 Kb6
23.Bh4 Nf6 24.Bxf6 gxf6 25.Be4  1/2-1/2

[Event "32nd Open"]
[Site "Arco ITA"]
[Date "2010.10.24"]
[Round "9"]
[White "Bove,A"]
[Black "Molina,Fa"]
[Result "1/2-1/2"]
[WhiteElo "2397"]
[BlackElo "2222"]

1.e4 d6 2.d4 Nf6 3.Nc3 e5 4.Nf3 Nbd7 5.Bc4 Be7 6.O-O O-O 7.a4 c6 8.Ba2 b6
9.Nh4 exd4 10.Qxd4 Ne5 11.Nf5 Bxf5 12.exf5 Qd7 13.Qf4 Nh5 14.Qe4 Nf6 15.Qf4  1/2-1/2

[Event "Uxbridge Premier"]
[Site "Denham ENG"]
[Date "2010.10.24"]
[Round "1"]
[White "Lexton,M"]
[Black "Willmoth,R"]
[Result "1-0"]
[WhiteElo "2009"]
[BlackElo "2214"]

1.e4 d6 2.d4 Nf6 3.Nc3 c6 4.g3 Nbd7 5.Bg2 e5 6.Nge2 Be7 7.a4 O-O 8.O-O Re8
9.h3 Bf8 10.d5 cxd5 11.Nxd5 Nxd5 12.Qxd5 Qc7 13.Nc3 Nb6 14.Qd3 Be6 15.b3 Rac8
16.Bb2 Red8 17.Rac1 Qd7 18.Kh2 g6 19.f4 f5 20.a5 Na8 21.Nd5 Bg7 22.g4 fxg4
23.f5 g3+ 24.Kxg3 Bf7 25.fxg6 Bxg6 26.Nf6+ Bxf6 27.Rxf6 Qe7 28.Rcf1 d5 29.Rxg6+ hxg6
30.exd5 Qg5+ 31.Kh2 Rd6 32.Qe4 Re8 33.c4 b6 34.Ba3 Rd7 35.Bc1 Qh5 36.Bf3 Qf5
37.Qe2 Rf7 38.Bg2 Qd7 39.Rxf7 Qxf7 40.d6 Kh7 41.Bd5 Qf6 42.Qe3 Qf8 43.Qg3 Qf5
44.Qh4+ Qh5 45.Qxh5+ gxh5 46.Bg5 Kg6 47.d7 Nc7 48.dxe8=Q+ Nxe8 49.axb6 axb6
50.Be3 Kf5 51.Bxb6 Kf4 52.Kg2 e4 53.Kf2 h4 54.Ba7 Nf6 55.Bf7 Nd7 56.Be3+ Kf5
57.c5 Ne5 58.c6 Nxc6 59.Bc4 Ke5 60.Bc5 Kf5 61.Ke3 Ke5 62.b4 Nb8 63.Bd4+ Kf5
64.Bd5 Na6 65.Bxe4+ Ke6 66.b5 Nb8 67.Kf4 Kd7 68.Be5  1-0

[Event "11th Liberec Open"]
[Site "Liberec CZE"]
[Date "2010.10.24"]
[Round "2"]
[White "Sott,P"]
[Black "Fales,A"]
[Result "1/2-1/2"]
[WhiteElo "2203"]
[BlackElo "2021"]

1.e4 d6 2.d4 Nf6 3.Nc3 e5 4.Nf3 exd4 5.Nxd4 Be7 6.Bc4 O-O 7.O-O Nxe4 8.Nxe4 d5
9.Bd3 dxe4 10.Bxe4 Bf6 11.c3 Re8 12.Qc2 g6 13.Bh6 Nd7 14.Rfe1 c5 15.Nf3 Bg7
16.Bxg7 Kxg7 17.Qb3 Qc7 18.Bd5 Rxe1+ 19.Rxe1 Nf6 20.Ng5 Nxd5 21.Qxd5 Bf5
22.c4 Rd8 23.Qf3 Rd3 24.Qe2 Rd4 25.b3 Qf4 26.Nf3 Bg4 27.Qe5+  1/2-1/2

[Event "WY Girls-U16"]
[Site "Porto Carras GRE"]
[Date "2010.10.24"]
[Round "5.13"]
[White "Schut,L"]
[Black "Narva,T"]
[Result "1/2-1/2"]
[WhiteElo "2288"]
[BlackElo "1929"]

1.e4 d6 2.d4 Nf6 3.Nc3 e5 4.Nf3 Nbd7 5.Bc4 Be7 6.O-O O-O 7.h3 c6 8.a4 b6
9.Re1 a6 10.b3 Bb7 11.d5 c5 12.Nh2 Ne8 13.Ne2 Bg5 14.Ng3 g6 15.Be3 Ng7 16.Qd2 Bxe3
17.fxe3 Qh4 18.Qf2 f5 19.Nf3 Qe7 20.exf5 gxf5 21.Qd2 e4 22.Nh2 Ne5 23.Ne2 Nh5
24.Nf4 Nxf4 25.exf4 Ng6 26.g3 Qg7 27.Kh1 Rae8 28.Nf1 Ne7 29.Ne3 Qh6 30.Kg2 Rf7
31.Kf2 Rg7 32.Rh1 Kf7 33.Nf1 Qf6 34.Rd1 Reg8 35.Qe2 Qc3 36.Rg1 Kf8 37.Ne3 Bc8
38.Rg2 a5 39.Bb5 Rg6 40.Rdg1 Qd4 41.Rd1 Qc3 42.Qd2 Qg7 43.Rdg1 Qd4 44.Rd1 Qg7
45.Nf1 Rh6 46.Rh2 Rg6 47.Qe3 Bb7 48.c4 Bc8 49.Rc1 Qb2+ 50.Ke1 Qf6 51.Kd2 h5
52.h4 Rg4 53.Qc3 Qxc3+ 54.Rxc3 Kf7 55.Ke2 Kf6 56.Kf2 R4g7 57.Rh3 Rg4 58.Ne3 R4g7
59.Rc1 Rg6 60.Re1 R6g7 61.Nd1 Rg6 62.Rh2 R6g7 63.Rg2 Ng6 64.Rgg1 Rc7 65.Nc3 Nf8
66.Re3 Nh7 67.Bc6 Ba6 68.Rge1 Kf7 69.Nd1 Nf6 70.Rc3 Ng4+ 71.Kg2 Kf6 72.Ne3 Nxe3+
73.Rexe3 Bc8  1/2-1/2

[Event "Spartak GM"]
[Site "Subotica SRB"]
[Date "2010.10.25"]
[Round "3"]
[White "Pap,M"]
[Black "Boskovic,D"]
[Result "1/2-1/2"]
[WhiteElo "2504"]
[BlackElo "2417"]

1.e4 d6 2.d4 Nf6 3.Nc3 e5 4.dxe5 dxe5 5.Qxd8+ Kxd8 6.Bg5 Ke8 7.Bxf6 gxf6
8.Nd5 Bd6 9.Nxf6+ Kf8 10.Nf3 Nd7 11.Nxd7+ Bxd7 12.Bc4 Ke7 13.g3 a5 14.a4 c6
15.Ng5 Be8 16.Nf3 Bd7 17.Nh4 Rad8 18.Ke2 Bc5 19.Ng2 Bg4+ 20.f3 Rd4 21.Bd3 Be6
22.Ne3 Rhd8 23.Rhd1 Rb4 24.b3 Rbd4 25.c3 R4d7 26.Bc4 Rxd1 27.Nxd1 Bxc4+ 28.bxc4 f6
29.Rb1 Rd7 30.Ne3 Kd6 31.Nf5+ Kc7 32.f4 exf4 33.gxf4 Rd8 34.Ng3 Rg8 35.Rd1 Rd8
36.Rf1 b5 37.cxb5 cxb5 38.axb5 Kb6 39.c4 Rd4 40.Rc1 a4 41.Kf3 a3 42.Ne2 Rd2
43.Nc3 Bd4 44.c5+ Ka7 45.b6+ Ka6 46.Nb5 Bxc5 47.Rxc5 Kxb6 48.Rc7 Kxb5 49.Ra7 Kb4
50.e5 fxe5 51.fxe5 Rxh2 52.e6 Rh6 53.e7 Re6 54.Kf4 h5 55.Rb7+ Kc3 56.Rc7+ Kb4  1/2-1/2

[Event "20th World Seniors"]
[Site "Arco ITA"]
[Date "2010.10.26"]
[Round "1"]
[White "Tseshkovsky,V"]
[Black "Carlsten,P"]
[Result "1-0"]
[WhiteElo "2564"]
[BlackElo "2097"]

1.e4 d6 2.d4 Nf6 3.Nc3 e5 4.Nf3 Nbd7 5.Bc4 Be7 6.O-O O-O 7.a4 a5 8.Re1 h6
9.h3 c6 10.Ba2 Qb6 11.Be3 Qb4 12.Bb3 exd4 13.Bxd4 Nc5 14.Na2 Qb6 15.e5 dxe5
16.Nxe5 Be6 17.Bxe6 fxe6 18.Ng6 Qc7 19.Be5 Qd8 20.Nxe7+  1-0

[Event "Uxbridge Premier"]
[Site "Denham ENG"]
[Date "2010.10.26"]
[Round "5"]
[White "Bennett,Dominic"]
[Black "Willmoth,R"]
[Result "1-0"]
[WhiteElo "1991"]
[BlackElo "2214"]

1.e4 d6 2.d4 Nf6 3.Nc3 c6 4.g3 b5 5.Bg2 Bb7 6.Bg5 Nbd7 7.Bxf6 Nxf6 8.f4 b4
9.Nb1 e5 10.dxe5 dxe5 11.Nd2 Bc5 12.Qf3 Qe7 13.O-O-O O-O 14.f5 a5 15.Bf1 a4
16.Bc4 Rfb8 17.g4 Nd7 18.g5 Qxg5 19.Nh3 Qf6 20.Nf2 b3 21.cxb3 a3 22.Rhg1 axb2+
23.Kb1 Kh8 24.Rg2 Ba6 25.Qg3 Rg8 26.Ng4 Qd6 27.Qf3 Bd4 28.Bxa6 Rxa6 29.Nc4 Qe7
30.Qg3 Nf6 31.Ngxe5 Nxe4 32.Qh4 Nc3+ 33.Kc2 Ra7 34.Qxd4 Nxd1 35.Qxd1 f6 36.Ng6+ hxg6
37.Qd3 Rd8 38.Qh3+ Kg8 39.fxg6 Qe4+ 40.Kxb2 Qd5 41.Rd2 Qe5+ 42.Nxe5 Rxd2+
43.Kc3 fxe5 44.Qc8+  1-0

[Event "Unive Open"]
[Site "Hoogeveen NED"]
[Date "2010.10.26"]
[Round "5"]
[White "Slingerland,C"]
[Black "Haslinger,S"]
[Result "0-1"]
[WhiteElo "2081"]
[BlackElo "2543"]

1.e4 d6 2.d4 Nf6 3.Nc3 e5 4.f4 exd4 5.Qxd4 Nc6 6.Qd1 g6 7.Bd3 Bg7 8.Nf3 O-O
9.O-O Nb4 10.f5 Nxd3 11.Qxd3 c6 12.Bg5 h6 13.Bh4 gxf5 14.Nd4 Qb6 15.Na4 Qb4
16.Nxf5 Bxf5 17.Rxf5 Nh7 18.c4 Qxa4 19.Be7 Rfe8 20.Bxd6 Rad8 21.Raf1 Rd7
22.e5 Qxa2 23.b3 Re6 24.h4 Bxe5 25.Rxe5 Rdxd6 26.Qf5 Rf6 27.Qc8+ Kg7 28.Rff5 Rd2
29.Re8 Rxg2+ 30.Kf1 Rf2+ 31.Kg1 Rg6+ 32.Rg5 Rg2+ 33.Kh1 Rh2+ 34.Kg1 Qf2+  0-1

[Event "WY Girls-U18"]
[Site "Porto Carras GRE"]
[Date "2010.10.26"]
[Round "7.8"]
[White "Kulon,K"]
[Black "Grigorian,Mar"]
[Result "1/2-1/2"]
[WhiteElo "2196"]
[BlackElo "2178"]

1.e4 d6 2.d4 Nf6 3.Nc3 e5 4.Nf3 Nbd7 5.Bc4 Be7 6.O-O O-O 7.a4 c6 8.Re1 exd4
9.Nxd4 Ne5 10.Ba2 Re8 11.h3 Bd7 12.Bg5 Qb6 13.a5 Qc5 14.Bc1 Rad8 15.Nde2 d5
16.Be3 Qxa5 17.f4 Bc5 18.Nd4 Ng6 19.e5 Qb4 20.Nce2 Ne4 21.c3 Qxb2 22.Qd3 Qb6
23.Rab1 Qa5 24.Ra1 Qc7 25.c4 Be6 26.Nxe6 Bxe3+ 27.Qxe3 fxe6 28.Reb1 b6 29.cxd5 cxd5
30.Rc1 Qd7 31.Nd4 Nc5 32.Bb1 Ne7 33.g4 Nc6 34.Nxc6 Qxc6 35.Rxa7 d4 36.Qg3 Ra8
37.Bxh7+ Kxh7 38.Qh4+ Kg8 39.Rxg7+ Kxg7 40.Qg5+ Kh7  1/2-1/2

[Event "WY Girls-U16"]
[Site "Porto Carras GRE"]
[Date "2010.10.26"]
[Round "7.12"]
[White "Kessler,Mi"]
[Black "Narva,T"]
[Result "0-1"]
[WhiteElo "2052"]
[BlackElo "1929"]

1.e4 d6 2.d4 Nf6 3.Nc3 e5 4.Nf3 Nbd7 5.Bc4 Be7 6.O-O O-O 7.h3 c6 8.a4 b6
9.b3 a6 10.Re1 Bb7 11.d5 c5 12.g4 Ne8 13.Qd3 Bc8 14.Nd1 Nc7 15.Kg2 Nb8 16.Rh1 b5
17.axb5 axb5 18.Rxa8 bxc4 19.bxc4 Nxa8 20.Kg3 Qd7 21.Ne3 Nb6 22.Bd2 g6 23.Qb3 Qa7
24.h4 N8d7 25.h5 Qa4 26.Qd3 Ba6 27.Qf1 Nxc4 28.Qh3 Nf6 29.hxg6 fxg6 30.Nf5 gxf5
31.g5 Nxe4+ 32.Kg2 Rf7 33.g6 Rg7 34.Nh4 Bxh4 35.Qxh4 Rxg6+ 36.Kh2 Ncxd2 37.f3 Nxf3+  0-1

[Event "WY Girls-U16"]
[Site "Porto Carras GRE"]
[Date "2010.10.26"]
[Round "7.5"]
[White "Wisniowska,K"]
[Black "Perera Borrego,M"]
[Result "1-0"]
[WhiteElo "2009"]
[BlackElo "2068"]

1.e4 d6 2.d4 Nf6 3.Nc3 e5 4.Nf3 Nbd7 5.Bc4 Be7 6.O-O O-O 7.Re1 c6 8.a4 b6
9.Ba2 a6 10.Nh4 exd4 11.Qxd4 Nc5 12.Nf5 Bxf5 13.exf5 d5 14.Bg5 Re8 15.a5 Ncd7
16.axb6 Qxb6 17.Qxb6 Nxb6 18.Bb3 a5 19.g3 Bb4 20.Rxe8+ Nxe8 21.Na4 Nd7 22.Rd1 Nc5
23.Nxc5 Bxc5 24.Ba4 Rc8 25.Bf4 Nf6 26.Kg2 Nd7 27.Be3 Bxe3 28.fxe3 Nb6 29.b3 Kf8
30.Ra1 Ke7 31.Kf3 Kd6 32.e4 dxe4+ 33.Kxe4 Re8+ 34.Kf3 Nd5 35.c4 Nb6 36.c5+ Kxc5
37.Rc1+ Kb4 38.Rxc6 Nxa4 39.bxa4 Re7 40.f6 gxf6 41.Rxf6 Kxa4 42.Rb6 Ka3 43.h4 a4
44.Kf4 Ka2 45.Kg5 a3 46.g4 Ka1 47.h5 Re5+ 48.Kf4 Re2 49.Kg5 a2 50.Rb7 Re6
51.Rxf7 h6+ 52.Kf5 Rb6 53.g5 Kb2 54.Ra7 Rb5+ 55.Kg6 hxg5 56.h6 g4 57.h7 Rb6+
58.Kg5 Rb8 59.Rb7+ Rxb7 60.h8=Q+ Kb1 61.Qh1+ Kc2 62.Qg2+ Kb1 63.Qxb7+ Ka1
64.Kf4 g3 65.Ke3 g2 66.Qxg2  1-0

[Event "WY Boys-U16"]
[Site "Porto Carras GRE"]
[Date "2010.10.27"]
[Round "8.14"]
[White "Hosseinipour,M"]
[Black "Martinez Romero,M"]
[Result "0-1"]
[WhiteElo "2304"]
[BlackElo "2203"]

1.e4 d6 2.d4 Nf6 3.Nc3 e5 4.Nf3 Nbd7 5.Bc4 Be7 6.O-O O-O 7.a4 c6 8.Ba2 exd4
9.Nxd4 Nc5 10.Re1 a5 11.h3 Be6 12.Qf3 Nfd7 13.Be3 Ne5 14.Qe2 Bf6 15.f4 Ned7
16.Qf3 Kh8 17.Bf2 Qc7 18.g4 Bxa2 19.Rxa2 Rae8 20.Raa1 Ne6 21.Nde2 g6 22.Rad1 Bg7
23.b3 f5 24.exf5 gxf5 25.g5 d5 26.Rf1 Ndc5 27.Kg2 Ne4 28.Be1 Qf7 29.h4 d4
30.Nb1 Rd8 31.Bxa5 Rd5 32.Bb4 Rfd8 33.Na3 b5 34.axb5 cxb5 35.Nb1 Qb7 36.Kh2 Qc7
37.Na3 N6c5 38.Nc1 Na6 39.Nd3 Nxb4 40.Nxb4 R5d7 41.Nd3 Qa5 42.Nb1 Rc7 43.Ne1 Qb6
44.Qg2 Rdc8 45.Nd2 Qg6 46.Ndf3 Qh5 47.Qh3 Rc5 48.Rd3 Rd5 49.Qg2 Re8 50.Kh3 Nc5
51.Rd2 Re4 52.Qg3 Re3 53.Qg2 Ne6 54.Qg3 Bf8 55.Ng2 Bd6 56.Rd3 Re4 57.Nd2 Re2
58.Qf3 Qxf3+ 59.Nxf3 Rxc2 60.Rfd1 Bxf4 61.Re1 Rc3 62.Red1 b4 63.Nfe1 Bd6
64.Rxc3 bxc3 65.Nd3 Rb5 66.b4 Bxb4 67.Rb1 c2 68.Rc1 Ba3 69.Rxc2 Rb3 70.Rd2 Nc5
71.Nf4 Bc1 72.Kg2 Bxd2 73.Nxc5 Rb1 74.Nfe6 Be3 75.h5 Rg1+ 76.Kh2 f4 77.Nd3 Kg8
78.Ne5 d3 79.Nxd3 f3 80.Ne5 f2  0-1

[Event "WY Girls-U12"]
[Site "Porto Carras GRE"]
[Date "2010.10.28"]
[Round "9.1"]
[White "Peng,Jackie"]
[Black "Osmak,Iulija"]
[Result "0-1"]
[WhiteElo "1793"]
[BlackElo "1979"]

1.e4 d6 2.d4 Nf6 3.Nc3 c6 4.f4 Qa5 5.Bd3 e5 6.dxe5 dxe5 7.f5 Bc5 8.Bd2 b5
9.Nd5 Qd8 10.Nxf6+ gxf6 11.Nf3 Nd7 12.b4 Bb6 13.c4 bxc4 14.Bxc4 Bb7 15.Qb3 Qe7
16.a4 a6 17.Rd1 Rg8 18.Bc1 Rxg2 19.Bxf7+ Kd8 20.Be6 Bc8 21.Ba3 Kc7 22.b5 Nc5
23.Bxc8 Rxc8 24.bxc6 Nxb3 25.Bxe7 Rg4 26.Bxf6 Rxe4+ 27.Kf1 Bd4 28.Nxd4 exd4
29.Bg5 Rf8 30.Bc1 Rxf5+ 31.Kg2 Rg4+ 32.Kh3 Rg6 33.Kh4 Rxc6 34.Bb2 Rc2 35.Ba1 Rc4
36.Rd3 Nc5 37.Rdd1 d3+ 38.Kg3 Rxa4 39.Rhe1 h5 40.Re5 Rg4+ 41.Kh3 Rf3+  0-1

[Event "11th Liberec Open"]
[Site "Liberec CZE"]
[Date "2010.10.29"]
[Round "8"]
[White "Vavra,P1"]
[Black "Szablowski,P"]
[Result "0-1"]
[WhiteElo "2351"]
[BlackElo "2278"]

1.e4 d6 2.d4 Nf6 3.Nc3 e5 4.Nge2 c6 5.f3 Nbd7 6.Be3 Be7 7.g4 O-O 8.g5 Nh5
9.Qd2 b5 10.Ng3 exd4 11.Qxd4 Nxg3 12.hxg3 Bxg5 13.f4 Be7 14.O-O-O Nf6 15.e5 dxe5
16.Qxe5 Qe8 17.Bd4 Bg4 18.Bd3 h6 19.Rde1 Bd8 20.Rh4 Qd7 21.Qe3 Re8 22.Be5 Bf5
23.Rd1 Bb6 24.Qe1 Bxd3 25.Rxd3 Qe6 26.Qd1 Rad8 27.b3 Rxd3 28.cxd3 Nd7 29.Ne4 Nxe5
30.fxe5 Qxe5 31.Kb1 f5 32.Rh5 Qe6 33.Nd2 Bd4 34.Nf3 Bf6 35.d4 Qe4+ 36.Kc1 Rd8
37.Rh2 Bxd4 38.Nxd4 Rxd4 39.Qf1 Qd3 40.Qg1 Qc3+ 41.Kb1 Re4  0-1

[Event "WY Girls-U16"]
[Site "Porto Carras GRE"]
[Date "2010.10.29"]
[Round "10.9"]
[White "Aflalo,S"]
[Black "Narva,T"]
[Result "0-1"]
[WhiteElo "2051"]
[BlackElo "1929"]

1.e4 d6 2.d4 Nf6 3.Nc3 e5 4.f4 Bg4 5.Qd3 Nc6 6.d5 Nd4 7.Be3 c5 8.f5 Nd7 9.h3 Qh4+
10.Bf2 Qh6 11.hxg4 Qxh1 12.Nh3 c4 13.Qd2 Qxh3 14.gxh3 Nf3+ 15.Ke2 Nxd2 16.Kxd2 a6
17.Bxc4 Be7 18.Rg1 Bg5+ 19.Kd1 Rc8 20.Be2 Ke7 21.h4 Bf4 22.Bf1 Rc7 23.Ne2 Rhc8
24.c3 g5 25.Nxf4 gxf4 26.g5 Nc5 27.f6+ Ke8 28.Bh3 Nxe4 29.Bb6 Rc4 30.Bxc8 Rxc8
31.Ke2 Ng3+ 32.Kf3 Kd7 33.Bf2 e4+ 34.Kg4 Ne2 35.Re1 f3 36.Kh5 Nf4+ 37.Kh6 Re8
38.Bd4 Ng2 39.Rg1 Nxh4 40.Kxh7 e3 41.Rh1 f2 42.g6 Nxg6 43.Kg7 Rh8 44.Rb1 Rh3
45.Kxf7 Ne5+ 46.Kf8 Rg3 47.Rh1 Rg1 48.Rh7+ Kc8 49.Ke7 f1=Q 50.Rh8+ Kc7 51.Bxe5 e2
52.Bxd6+ Kb6 53.Bc7+ Kxc7 54.d6+ Kb6 55.d7 e1=Q+ 56.Kf7 Qxf6+ 57.Kxf6 Rf1+
58.Kg5 Qg3+  0-1

[Event "WY Boys-U14"]
[Site "Porto Carras GRE"]
[Date "2010.10.29"]
[Round "10.5"]
[White "Bortnik,A"]
[Black "Lamard,G"]
[Result "1-0"]
[WhiteElo "2302"]
[BlackElo "2186"]

1.e4 d6 2.d4 Nf6 3.Nc3 e5 4.Nf3 Nbd7 5.Bc4 Be7 6.Ng5 O-O 7.Bxf7+ Rxf7 8.Ne6 Qe8
9.Nxc7 Qf8 10.Nxa8 exd4 11.Qxd4 d5 12.Be3 Bc5 13.Qd2 Ne5 14.Bxc5 Qxc5 15.O-O-O Nc4
16.Qd4 Qa5 17.e5 Qb4 18.Nb1 Ne4 19.b3 Rxf2 20.Qxd5+ Kh8 21.Qxc4  1-0

[Event "WY Boys-U16"]
[Site "Porto Carras GRE"]
[Date "2010.10.29"]
[Round "10.10"]
[White "Pardo Simon,D"]
[Black "Martinez Romero,M"]
[Result "1-0"]
[WhiteElo "2336"]
[BlackElo "2203"]

1.e4 d6 2.d4 Nf6 3.Nc3 e5 4.Nge2 Be7 5.f3 O-O 6.Be3 exd4 7.Qxd4 Nc6 8.Qd2 Ne5
9.Nf4 c6 10.Be2 Qc7 11.O-O-O b5 12.g4 a5 13.Nh5 Nxh5 14.gxh5 Rb8 15.Rhg1 Rd8
16.f4 Nc4 17.Bxc4 bxc4 18.Bd4 g6 19.f5 Qb7 20.Na4 c5 21.hxg6 cxd4 22.gxh7+ Kxh7
23.Qg2  1-0

[Event "14th OIBM"]
[Site "Bad Wiessee GER"]
[Date "2010.10.30"]
[Round "1.32"]
[White "Roy Chowdhury,S"]
[Black "Semmler,G"]
[Result "1-0"]
[WhiteElo "2457"]
[BlackElo "1990"]

1.e4 d6 2.d4 Nf6 3.Nc3 e5 4.Nf3 Nbd7 5.Bc4 Be7 6.O-O O-O 7.Re1 a6 8.a4 b6
9.b3 c6 10.Bb2 Bb7 11.Bd3 Re8 12.Ne2 Bf8 13.Ng3 g6 14.h4 Qc7 15.h5 Bg7 16.hxg6 hxg6
17.dxe5 dxe5 18.Ng5 b5 19.Qf3 Nf8 20.Qe2 N6h7 21.Nxh7 Kxh7 22.Qg4 Kg8 23.Rad1 Rad8
24.Bc1 Bc8 25.Qh4 Ne6 26.Nf5 gxf5 27.exf5 Rd4 28.Qh1 Qd8 29.g3 Nc5 30.f6 Qxf6
31.Qh7+ Kf8 32.Ba3 b4 33.c3 Rxd3 34.Bxb4 Qe7 35.Rxd3 Be6 36.Red1 a5 37.Ba3 f6
38.Rd6 Qa7 39.Rxc6 Rc8 40.Bxc5+ Qxc5 41.Rxc5 Rxc5 42.Rd8+  1-0